La philosophie silencieuse ou critique des philosophies de la science

Salvato in:
Dettagli Bibliografici
Autore principale: Toussaint Desanti, Jean (Autore)
Natura: Libro
Lingua:francese
Pubblicazione: París Editions du Seuil 1975
Soggetti:
Tags: Aggiungi Tag
Nessun Tag, puoi essere il primo ad aggiungerne!!

MARC

LEADER 00000cam a2200000 a 4500
001 UCF5501
003 CL-VaPUC
008 130318e19750000FR |||||||||||||||||fre|d
020 |a 9782020027502 
082 0 4 |a 501  |b TOU  |2 21 
100 0 |a Toussaint Desanti, Jean  |e author  |9 567465 
245 1 3 |a La philosophie silencieuse ou critique des philosophies de la science 
300 |a 283 p 
942 |c BK 
945 |d 20130318 00:00:00  |a dcastane 
260 |a París  |b Editions du Seuil  |c 1975 
650 0 |a Filosofía de las ciencias  |9 256466 
650 0 |a Epistemología   |9 264994 
583 |a last modification  |c 20170530 05:39:50  |k Rodrigo Vera 
999 |c 351030  |d 351028 
952 |0 0  |1 0  |4 0  |6 501_000000000000000_TOU_1975  |7 0  |8 A  |9 454897  |a BIBMAT  |b BIBMAT  |c E_DIDACT  |d 2019-11-22  |i 4954424  |o 501 TOU 1975  |p 4954424  |r 2025-01-07  |w 2019-11-22  |y BK  |k MAT